| 000 | 00955nam a2200217 a 4500 | ||
|---|---|---|---|
| 001 | 000039370 | ||
| 005 | 20201002031622.0 | ||
| 008 | 130625s1993 sp 001 0 spa d | ||
| 020 | _a8400073614 | ||
| 040 |
_aDO-SdBNP _bspa _cBNPHU |
||
| 100 | 1 |
_aAzcárraga Servert, María Josefa de _965569 |
|
| 245 | 1 | 0 |
_aMinhat Say de Y.S. de Norzi : _bMaría Josefa de Azcárraga Servert / _ctraducción y anotación crítica por Maía Josefa de Azcárraga Servert. |
| 260 |
_aMadrid : _bConsejo Superior de Investigaciones Científicas, Instituto de Filología, _c1993. |
||
| 300 |
_aXI,166 p. ; _c28 cm. |
||
| 490 | 1 |
_aTextos y Estudios Cardenal Cisneros de la Biblia Políglota Matritense ; _v40 |
|
| 500 | _aIncluye índice | ||
| 504 | _aBibliografía.: p. [211]-221 | ||
| 500 | _aIncluye índice | ||
| 700 | 1 |
_aAzcárraga Servert, María Josefa de, _etr. _965569 |
|
| 830 | 0 |
_aTextos y Estudios Cardenal Cisneros de la Biblia Políglota Matritense ; _v40 _915280 |
|
| 999 |
_c38860 _d38860 |
||